Statistics for Highest Grossing Anime Movies

Click here to take the quiz!

General Stats

  • This quiz has been taken 136 times
  • The average score is 9 of 15

Answer Stats

ClueGrossAnime Movie% Correct
A sullen ten-year-old girl while moving to a new neighborhood, enters the spirit world.289 MSpirited Away
88%
A high school girl in rural Japan and a high school boy in Tokyo swap bodies.358 MYour name
86%
A young girl mistakenly releases Unown; Which fulfills her all wishes.68 MPokemon 3: The Movie
85%
A conflict occurs between the real Pokemon's and the clone ones.164 MPokemon: The 1st Movie
85%
A collector attempts to capture the legendary trio birds only to awake Lugia.134 MPokemon: The Movie 2000
85%
Ash along with his friends must find their way to stop Zoroark from destroying Crown City.71 MPokemon Zoroark: Master of Illiusion
85%
The Straw Hat Pirates take on Gild Tesoro, one of the richest and most ambitious men in the world.69 MOne Piece Film: Gold
79%
The Straw Hat Pirates battles against Zephyr, considered to be the most powerful enemy they've faced yet.85 MOne Piece Film: Z
79%
Young girl is turned into an old woman by a witch's curse who encounters a wizard named Howl.235 MHowl's Moving castle
74%
A goldfish befriends a five-year-old human boy and desires to become a human girl.202 MPonyo
59%
A young Emishi prince struggle to keep good relations between the gods of the forest and humans who consumes it's resources.159 MPrincess Mononoke
45%
A robotic cat from the future travels back in time of help a weak pre-teen boy.183 MStand by me Doraemon
33%
A young boy dreams of becoming a pilot but in future becomes a aeronautical engineer.136 MThe Wind Rises
26%
Sparrowhawk, a powerful wizard along with Arren must find their way to save the world of Earthsea.69 MTales from Earthsea
16%
A young Borrower befriends a human boy while trying to avoid being detected by the other humans.145 MThe Secret World of Arrietty
11%

Score Distribution

Percentile by Number Answered

Percent of People with Each Score

Your Score History

You have not taken this quiz